Obama y la economía cubana: entender lo que no se dijo /
Se analiza la visita oficial del presidente de los Estados Unidos a Cuba del 20 al 22 de marzo del 2016. Plantea dos direcciones complementarias de pensamiento para interpretar dicho acontecimiento: una lo que significa para una valoración del pasado y otra lo que significa para el futuro. Finaliza...
Gespeichert in:
| 1. Verfasser: | |
|---|---|
| Format: | Buch |
| Sprache: | Spanish |
| Schlagworte: | |
| Tags: |
Tag hinzufügen
Keine Tags, Fügen Sie den ersten Tag hinzu!
|
MARC
| LEADER | 00000nam a22000007a 4500 | ||
|---|---|---|---|
| 003 | cru CIDCACS/IIS | ||
| 005 | 20181011062531.0 | ||
| 007 | ta | ||
| 008 | 170824s2016 cu |||p|r|||| 00| 0 spa d | ||
| 999 | |c 40312 |d 40312 | ||
| 040 | |c cru CIDCACS/IIS | ||
| 100 | 1 | |a Lage Dávila, Agustín |9 5344 | |
| 245 | 1 | |a Obama y la economía cubana: |b entender lo que no se dijo / |c Agustín Lage Dávila | |
| 300 | |a páginas 111-116 | ||
| 520 | |a Se analiza la visita oficial del presidente de los Estados Unidos a Cuba del 20 al 22 de marzo del 2016. Plantea dos direcciones complementarias de pensamiento para interpretar dicho acontecimiento: una lo que significa para una valoración del pasado y otra lo que significa para el futuro. Finaliza afirmando que las nuevas generaciones de jóvenes cubanos presentan desafíos distintos a los de las generaciones revolucionarias del siglo XX. | ||
| 650 | 1 | 0 | |9 2806 |a RELACIONES ECONOMICAS INTERNACIONALES |
| 650 | 1 | 0 | |9 2812 |a RELACIONES BILATERALES |
| 650 | 4 | |9 1848 |a DIPLOMACIA | |
| 650 | 4 | |9 1921 |a INTERVENCION EXTRANJERA | |
| 651 | 4 | |9 1846 |a CUBA | |
| 651 | 1 | 0 | |9 245 |a ESTADOS UNIDOS |
| 773 | 0 | |0 19037 |9 1155 |a Casa de las Américas |d Cuba Casa de las Américas |o 19070 |t Casa de las Américas / | |
| 942 | |2 ddc |c PP | ||
